| 000 | 00797nam a22002297a 4500 | ||
|---|---|---|---|
| 942 | _cBK | ||
| 999 |
_c483 _d483 |
||
| 005 | 20250420134812.0 | ||
| 008 | 200722b ||||| |||| 00| 0 eng d | ||
| 020 | _a9781259252457 | ||
| 040 | _cKCST | ||
| 082 |
_a621.3815 _bJa Mi |
||
| 100 |
_aJaeger, Richard _94663 |
||
| 245 |
_aMicroelectronic circuit design / _cRichard C. Jaeger, Auburn University, Travis N. Blalock, University of Virginia. |
||
| 250 |
_a5th ed. _bInt. student ed. |
||
| 260 |
_aNew York: _bMc-Graw-Hill; _c2016. |
||
| 300 |
_axxviii, 1325 pages : _billustrations ; _c27 cm |
||
| 650 |
_aIntegrated circuits _vDesign and construction. _94664 |
||
| 650 |
_aSemiconductors _vDesign and construction. _94665 |
||
| 650 |
_aElectronic circuit design. _994 |
||
| 700 |
_aBlalock, Travis N. _94666 |
||
| 942 | _2ddc | ||